000 00311nam a22001337a 4500
008 170922b xxu||||| |||| 00| 0 eng d
020 _a9780761946557
041 _aeng
080 _a37
100 _a46
101 _aEDU
245 _aDETECTING AND PREVENTING CLASSROOM CHEATING
_cCIZEK,G.J
942 _2udc
_cBK
999 _c29069
_d29069